| 000 | 00783nas a2200265 4500 | ||
|---|---|---|---|
| 001 | BR2013003733 | ||
| 003 | BR-BrBNA | ||
| 005 | 20231205122321.0 | ||
| 007 | ta | ||
| 008 | 230509b bl.|||p| |||| 00| 00por d | ||
| 040 |
_aBR-BrBNA _bpor _cBiblioteca Nacional de Agricultura |
||
| 041 | _a(Pt) | ||
| 072 | _aL73 | ||
| 100 | 1 | _aSantos, I.C.S. | |
| 100 | 1 | _aSilva, A. | |
| 100 | 1 | _aPascotini, L.C. | |
| 245 | 1 | _aLymnaea columella (Say, 1817)no município de Eldorado do Sul, Rio Grande do Sul | |
| 650 | _aBOVINO | ||
| 650 | _aEPIDEMIOLOGIA | ||
| 650 | _aPARASITO | ||
| 650 | _aFASCIOLOSE | ||
| 773 | 0 |
_tA Hora Veterinária (Brazil) _xISSN 0101-9163 _g(Jul-Aug 1994), v. 14(80) p. 30-32 _wBR2013003733 |
|
| 909 |
_a202311 _bLúcia _c55 _dLúcia Elande |
||
| 942 |
_2AGRIS _n0 _cANA |
||
| 999 |
_c228037 _d228037 |
||